|
|
|
|
| LEADER |
00000naa2a2200000 4500 |
| 001 |
400802 |
| 005 |
20231101065436.0 |
| 035 |
|
|
|a (RuTPU)RU\TPU\prd\43476
|
| 090 |
|
|
|a 400802
|
| 100 |
|
|
|a 20060516a2006 k y0rusy50 ca
|
| 101 |
0 |
|
|a rus
|
| 102 |
|
|
|a RU
|
| 200 |
1 |
|
|a Учебно-научная лаборатория "Современные системы и технологии управления и контроля"
|f И. М. Кольцов [и др.]
|
| 225 |
1 |
|
|a Технические средства АСУТП
|
| 320 |
|
|
|a Библиогр.: 10 назв.
|
| 461 |
|
0 |
|0 (RuTPU)RU\TPU\prd\2287
|t Промышленные АСУ и контроллеры
|o ежемесячный научно-технический производственный журнал
|d 2002-
|
| 463 |
|
0 |
|0 (RuTPU)RU\TPU\prd\42790
|t № 3
|v С. 49-52
|d 2006
|
| 610 |
1 |
|
|a учебно-научные лаборатории
|
| 610 |
1 |
|
|a автоматизированные системы
|
| 610 |
1 |
|
|a научные исследования
|
| 610 |
1 |
|
|a АСУТП
|
| 610 |
1 |
|
|a автоматическое управление
|
| 610 |
1 |
|
|a контроллеры
|
| 610 |
1 |
|
|a лучи лазера
|
| 610 |
1 |
|
|a системы слежения
|
| 610 |
1 |
|
|a вакуумная откачка
|
| 610 |
1 |
|
|a ТОКАМАКИ
|
| 610 |
1 |
|
|a установки
|
| 701 |
|
1 |
|a Кольцов
|b И. М.
|
| 701 |
|
1 |
|a Уваров
|b А. В.
|
| 701 |
|
1 |
|a Михасев
|b А. Ю.
|
| 701 |
|
1 |
|a Пчелинцев
|b А. В.
|
| 701 |
|
1 |
|a Рублев
|b Е. Л.
|
| 701 |
|
1 |
|a Семенов
|b Д. А.
|
| 801 |
|
1 |
|a RU
|b 63413507
|c 20060516
|g PSBO
|
| 801 |
|
2 |
|a RU
|b 63413507
|c 20141205
|g RCR
|
| 942 |
|
|
|c BK
|